02803cam a22003854i 4500003000900000005001700009008004100026035002000067040003300087100004700120245023900167264001000406300002200416336002100438337002500459338002300484502005800507504002400565520164800589526001002237526001002247526000902257526000902266526000902275526000902284526000902293526000902302526000902311526000802320526000802328526000802336526000802344526000802352650005702360PE-LiUPU20250731165422.0160108s2014 pe a grm 000 0 spa d a(Sirsi) a155651 aPE-LiUPUbspacPE-LiUPUerda1 aManturano Velásquez, Gladys Normaeautor1 aApoyo emocional del profesional de enfermería y el afrontamiento de los padres de pacientes pediátricos postoperados con cardiopatía congénita en el Instituto Nacional del Corazón, 2013 /cGladys Norma Manturano Velásquez. 0c2014. a113 hojas c30 cm atext2rdacontent aunmediated2rdamedia avolume2rdacarrier aTesisb(Mg.) -- cUniversidad Peruana Unión,d2014. aIncluye referencias3 aEl cuidado de la esfera emocional es elemental más aún si se experimenta una situación de crisis, porque un hijo padece cardiopatía congénita y va ser intervenido quirúrgicamente, en estas condiciones, los padres recurren a diferentes mecanismos para paliar el sufrimiento, la intervención de enfermería es muy importante. El presente estudio tiene el objetivo de determinar la relación que existe entre apoyo emocional del profesional de enfermería y el afrontamiento de los padres de pacientes pediátricos post operados con cardiopatía congénita. Este estudio es de diseño no experimental, tipo cuantitativo, descriptivo, correlacional de corte transversal. La muestra estuvo compuesta por 44 padres de pacientes pediátricos post operado con cardiopatía congénita, se utilizó un muestreo no probabilístico. Para la recolección de datos se aplicó el instrumento mediante el uso de criterios de inclusión y exclusión; fueron dos cuestionarios: uno para apoyo emocional y otro para afrontamiento, divididos en 3 dimensiones cada uno, cuyos resultados son referidos: el 27% de padres recibe apoyo emocional desfavorable y afrontamiento desfavorable. Aplicando la prueba estadística de chi cuadrado, la relación de las variables fue significativo p:009, es decir a mayor apoyo emocional del profesional de enfermería mejor afrontamiento de los padres de pacientes pediátricos post operados con cardiopatía congénita. En conclusión el apoyo emocional en los momentos de crisis es de vital importancia y depende de la calidad de apoyo que se brinda para tener un afrontamiento favorable. aSEG44 aSEG26 aP151 aP150 aP149 aP146 aP145 aP126 aP125 aP92 aP75 aP74 aP27 aP1514aPadres de niños enfermosxAspectos psicológicos.